| 000 | 00525nam a22001697a 4500 | ||
|---|---|---|---|
| 999 |
_c160627 _d160627 |
||
| 005 | 20190206162651.0 | ||
| 010 | _aA-949933 | ||
| 020 | _c175.00 | ||
| 035 | _aA-949933 | ||
| 037 | _bKhuda Bakhsh Oriental Public Library | ||
| 082 | _a954.08 | ||
| 100 | _aRizvi, Syed Sifarish Husain | ||
| 245 |
_aPartition: _bend product of the trend / _cSyed Sifarish Husain Rizvi |
||
| 260 |
_aNew Delhi _bKhuda Bakhsh Oriental Public Library _c954.08 |
||
| 300 |
_a256p. _c22cm(hbk) |
||
| 942 |
_2ddc _cEN _h985.08 _mRIZ |
||